000 00455nam a2200169Ia 4500
005 20250128030214.0
008 240331s9999 xx 000 0 und d
020 _a8185229635
082 _a954
_bCHI
100 _aChandra,S
245 0 _aContinuing dilemmas :
_bunderstanding social consciousness
260 _aNew Delhi
_bTulika Publishers
_c2002
300 _axxxii, 321 p .,
650 _aIndian Language
650 _aHindi Novels Refer
942 _cL
999 _c1021
_d1021